000 00286nam a22001337a 4500
008 171123b xxu||||| |||| 00| 0 eng d
020 _a0471217689
041 _aeng
080 _a004
100 _a37
101 _aSHK
245 _aDATA COMMUNICATION
_cDOLL.D.R
942 _2udc
_cBK
999 _c38392
_d38392